000 00355 a2200133 4500
005 20250628150539.0
020 _a007224566655
082 _a648.4'038'011
245 _aCorporate Information Strategy and Management
260 _aNew York.
_bMc Graw Hill,
_c2003.
300 _ax,307p.
_bIndex.
_c24cm.
700 _aAUSTIN,R. & MCFARLAN,W.
942 _2ddc
_cBKS
999 _c6078
_d6078